[Event "South Wales New Year op"]
[Site "Bridgend"]
[Date "2023.01.07"]
[Round "2"]
[White "May, Adam John"]
[Black "Gay, Simon"]
[Result "0-1"]
[WhiteElo "1897"]
[BlackElo "1928"]
[PlyCount "70"]
[EventDate "2023.01.06"]
[EventType "swiss"]
[EventRounds "5"]
[EventCountry "WLS"]
[SourceTitle "EXT 2024"]
[Source "ChessBase"]
[SourceDate "2023.10.10"]
[SourceVersion "1"]
[SourceVersionDate "2023.10.10"]
[SourceQuality "1"]

1. d4 Nf6 2. Nf3 c5 3. d5 d6 4. Nc3 g6 5. e4 Nbd7 6. a4 Bg7 7. Bc4 0-0 8. 0-0 Ng4 9. Bg5 Nge5 10. Nxe5 Nxe5 11. Be2 a6 12. a5 Rb8 13. h3 b5 14. axb6 Rxb6 15. f4 Nd7 16. e5 f6 17. e6 fxg5 18. exd7 Bxd7 19. fxg5 Rxb2 20. Na4 Rb4 21. c3 Bxa4 22. Rxa4 Rxf1+ 23. Bxf1 Rxa4 24. Qxa4 Bxc3 25. Qxa6 Bd4+ 26. Kh1 Kf7 27. Bb5 Qh8 28. Bd7 Qe5 29. Be6+ Kg7 30. Qd3 Qxg5 31. Qf1 Qf6 32. Qe1 Qf2 33. Qd1 h5 34. Qc1 Kf6 35. Qd1 c4 0-1

[Event "Swansea West Wales op"]
[Site "Swansea"]
[Date "2022.11.13"]
[Round "5"]
[White "Gay, Simon"]
[Black "Fathallah, Joe"]
[Result "1/2-1/2"]
[WhiteElo "1946"]
[BlackElo "1979"]
[PlyCount "134"]
[EventDate "2022.11.11"]
[EventType "swiss"]
[EventRounds "5"]
[EventCountry "WLS"]
[SourceTitle "EXT 2024"]
[Source "ChessBase"]
[SourceDate "2023.10.10"]
[SourceVersion "1"]
[SourceVersionDate "2023.10.10"]
[SourceQuality "1"]

1. e4 e6 2. d4 d5 3. Nd2 Nc6 4. c3 e5 5. exd5 Qxd5 6. Ngf3 Bg4 7. Bc4 Qd7 8. dxe5 0-0-0 9. Qa4 f6 10. 0-0 Bc5 11. exf6 Nxf6 12. Bb5 Rhe8 13. Nd4 Bxd4 14. cxd4 Qxd4 15. Bxc6 bxc6 16. Qxd4 Rxd4 17. Nb3 Rd5 18. Be3 a5 19. Rac1 Bd7 20. h3 g5 21. Rfd1 a4 22. Nc5 g4 23. hxg4 Nxg4 24. Bd4 a3 25. bxa3 Re2 26. f3 Nh6 27. Rc4 Rg5 28. Ra4 Rgxg2+ 29. Kf1 Kd8 30. Nxd7 Nf5 31. Ra8+ Ke7 32. Bc5+ Nd6 33. Nb8 h5 34. Nxc6+ Kd7 35. Ne5+ Ke6 36. Nd3 Rd2 37. Rxd2 Rxd2 38. Nf4+ Kf5 39. Nxh5 Rxa2 40. Rf8+ Kg5 41. Nf4 Nb5 42. Ne6+ Kh4 43. Ra8 Kg3 44. Nd4 Nxd4 45. Bxd4 Kxf3 46. Ke1 Ke4 47. Bc5 Kd5 48. Bb4 Kc6 49. Ra6+ Kb5 50. Ra5+ Kb6 51. Rc5 Kb7 52. Kd1 Kb6 53. Kc1 Rg2 54. Rc2 Rxc2+ 55. Kxc2 Ka7 56. Kc3 Ka8 57. Kc4 Kb8 58. Kc5 Ka8 59. Kc6 Ka7 60. Bc3 Ka8 61. Be5 Ka7 62. Bxc7 Ka8 63. Bb6 Kb8 64. Be3 Ka8 65. Kb6 Kb8 66. Kc6 Ka8 67. Bf4 Ka7 1/2-1/2